• 首页
  • 本馆介绍
  • 公告通知
  • 最新文献
  • 馆藏检索
  • 电子资源
  • 读者导购
  • 参考咨询
  • 我的图书馆
  • 登录
  • 详细信息显示
  • 放入我的书架
  • 预约/预借图书
  • 作者相关作品
  • 分类相关作品
  • 丛书相关作品
  • 出版社相关作品

书目信息

  • 表格格式
  • 工作单格式
  • 卡片格式
题名:
《中华人民共和国公务员法》 学习辅导
    
 
作者: 皮纯协 主编
分册:  
出版信息: 北京   中国方正出版社  2005
页数: 14,317页
开本: 21cm
丛书名:
单 册:
中图分类: D922.115
科图分类:
主题词: 公务员制度--行政法--中国--问答
电子资源:
ISBN: 7-80107-995-7
000 01160nam0 2200301 450
000 01123nam0 2200289 450
000 01121nam0 2200301 450
000 01067nam0 2200277 450
000 01063nam0 2200265 450
000 01026nam0 2200253 45
001 TS-186054
005 20061213161811.15
010    @a7-80107-995-7@dCNY18.00
100    @a20060829d2005 em y0chiy0110 ea
101 0  @achi
102    @aCN@b110000
105    @ay zn 000yy
200 1  @a《中华人民共和国公务员法》 学习辅导@A《 Zhong Hua Ren Min Gong He Guo Gong Wu Yuan Fa》 Xue Xi Fu Dao@f皮纯协主编@FPi Chun Xie Zhu Bian
210    @a北京@c中国方正出版社@d2005
215    @a14,317页@d21cm
330    @a本书按照《公务员法》的章节顺序针对条文的重点和难点逐条设立问题,并给予详细具体的回答。其中既有对名词、术语的解释说明,也有对重点、难点问题的阐述和分析。
606 0  @a公务员制度@x行政法@y中国@x问答
690    @aD922.115@v4
701  0 @a皮纯协@APi Chun Xie@f(1928~)@4主编
801  0 @aCN@b中图数据@c20061213
905    @a10447@dD922.115@e550
    
    《中华人民共和国公务员法》 学习辅导/皮纯协主编.-北京:中国方正出版社,2005
    14,317页;21cm
    
    
    ISBN 7-80107-995-7:CNY18.00
    本书按照《公务员法》的章节顺序针对条文的重点和难点逐条设立问题,并给予详细具体的回答。其中既有对名词、术语的解释说明,也有对重点、难点问题的阐述和分析。
●
相关链接 在E读中查询图书 在五车中查询图书 在当当中查询图书 在豆瓣中查询图书


正题名:《中华人民共和国公务员法》 学习辅导     索取号:D922.115/550         预约/预借

序号 登录号 条形码 馆藏地/架位号 状态 备注
1 0612843   206128439   第一样本阅览室/ [索取号:D922.115/550] 在馆    
2 0612844   206128448   第一借阅区/ [索取号:D922.115/550] 在馆    
3 0612845   206128457   第一借阅区/ [索取号:D922.115/550] 在馆    
唐山师范学院图书馆 欢迎您!
大连网信软件有限公司© 版权所有